1678 1332 1925 1680 1395 1748 1761 1394 1569 1306 1786 1185 1479 1876 1689 1674 1568 1656 1413 1772 1941 1319 1456 1334 1826 1102 1470 1085 1938 1628 1517 1992 1307 1577 1984 1528 1868 1626 1562 1347 1600 2000 1737 1018 1045 1300 1948 1646 1940 1975 1571 1847 1350 1762 1431 1300 1558 1100 1383 1970 1766 1991 1561 1968 1861 1423 1445 1870 1741 1708 1740 1203 1306 1594 1423 1118 1833 1903 1746 1895 1812 1037 1586 1051 1539 1500 1767 1578 1007 1763 1735 1620 1990 1962 1392 1341 1172 1461 1286 BCNSPRNW ULIB Ver.6.0+V

เปลี่ยนเป็นภาษาไทย

Change to English
 แสดงรายละเอียดบรรณานุกรม
  กลับหน้าหลัก

Brief Record : Get Marc (ISO 2709) : E-mail record : QR code < ปิดหน้าต่าง
LEADER : 00000nam 2200000uu 4500
001    13399112330
003     ULIB
008    110627s||||||||th 000 0 tha d
020    9786160603770
090    นว.^bF111S มปป.
100 0  Fairy
245 00 Sweet lover...แผนการร้ายป่วนหัวใจเธอ/^cFairy
260    กรุงเทพฯ :^bแจ่มใส,^cมปป.
300    177 หน้า
710 1  แจ่มใส
945    ^p139^l0^i030390
995    ทศพร
999 ^a ใช้งานได้ทุกระบบ
รายการนี้ยังไม่มีแท็ก
คุณยังไม่ได้ล็อกอิน คุณสามารถมีกิจกรรมร่วมกับเว็บไซต์ได้ แต่ต้องล็อกอินก่อน ::
  ล็อกอิน

รายการสื่อสารสนเทศ

ลำดับที่ ประเภท เลขเรียก/บาร์โค้ด สถานที่ สถานะ
- ไม่พบข้อมูล -

BibComment


ยังไม่เคยถูกคอมเมนท์

คอมเมนท์ทรัพยากรรายการนี้
  คอมเมนท์: Sweet loverแผนการ..


 Copyright 2026. Bcnsprnw @Library